000 00377nam a2200145Ia 4500
008 151213s9999 xx 000 0 und d
100 _aGraham Greene
245 _aThe Power and The Glory
_cGraham Greene
260 _aLondon
_bPenguing
_c1940
300 _a8493 p.
650 _aEnglish Literature
650 _aEnglish Literature
700 _aGraham Greene
999 _c4330
_d4330